Ásványtan kozettan és geológia a gimnázium 1. osztálya számára

Bibliographic Details
Main Authors: Pauk, František (Author), Kuhn, Peter (Author), Sluštík, Stanislav (Author), Kletečka, Jaromír (Author), Kočárek, Eduard, 1928- (Author)
Other Authors: Stollár, Štefan, 1933-2003 (Translator)
Format: Book
Language:Hungarian
Czech
PhysicalDescription:661 s. 1 príl. Tb. Fot. Sch. 21 cm
Published: Bratislava Slovenské pedagogické nakladateľstvo 1977
Edition:1. vyd.
Subjects:

MARC

LEADER 00000cam a2200000 a 4500
001 vtls001105663
003 SK-MaSNL
005 20260301001350.0
008 250414s1977 xo 00100 hun
015 |a SNBA1977 
035 |a SNK000048505 
040 |a SNK  |b slo  |c SNK  |e AACR2 
041 1 |a hun  |h cze 
044 |a xo  |c SK 
080 |a 551/553+549(075.3)=945.11  |2 1981 
080 |a 549(075.3)=945.11  |2 1981 
080 |a 549  |2 1981 
080 |a 551/553(075.3)=945.11  |2 1981 
080 |a 373.5  |2 1981 
245 0 0 |a Ásványtan kozettan és geológia a gimnázium 1. osztálya számára  |c František Pauk, Peter Kuhn, Stanislav Sluštík, Jaromír Kletečka, Eduard Kočárek ; ford. Štefan Stollár 
246 3 1 |a Mineralógia, petrografia a geológia pre 1. ročník gymnázií 
250 |a 1. vyd. 
260 |a Bratislava  |b Slovenské pedagogické nakladateľstvo  |c 1977  |e Nitra  |f Nitrianske tlačiarne 
300 |a 661 s.  |b 1 príl. Tb. Fot. Sch.  |c 21 cm 
366 |e 2890 výtl. 
504 |a Obsahuje register 
650 0 7 |a mineralógia  |2 SNKPH  |9 943 
650 0 7 |a petrografia  |2 SNKPH  |9 959 
650 0 7 |a geológia  |2 SNKPH  |9 167377 
655 7 |a učebnice stredných škôl  |2 SNKPH  |9 69323 
700 1 |a Pauk, František  |4 aut  |9 279565 
700 1 |a Kuhn, Peter  |4 aut  |9 279566 
700 1 |a Sluštík, Stanislav  |4 aut  |9 279567 
700 1 |a Kletečka, Jaromír  |4 aut  |9 279568 
700 1 |a Kočárek, Eduard,  |d 1928-  |4 aut  |9 108450 
700 1 |a Stollár, Štefan,  |d 1933-2003  |4 trl  |9 37757 
852 |a Slovenská národná knižnica 
958 |a UC 
958 |a TL 
958 |a OP 
958 |a OND 
999 |c 534740  |d 536670 
952 |a SNK  |b SNK  |y VYP  |7 0  |p 17A1075455  |o snkSC 41470 D1  |i snk 3847/77  |0 0  |1 0  |4 0  |d 2014-07-09  |l 0  |r 2026-02-23 12:21:44  |w 2026-02-23